000 01219cam a2200325 i 4500
001 bgj
003 KOSZ 005
005 20200721125909.0
008 060729s2004 pl d f |000 0 eng
015 _aPB 2006/17314
020 _a8373962735
040 _aWA N
_cKOSZ 005/HR
_dKOSZ 005/HR
041 0 _aeng
_apol
080 _a811.111
080 _a371.279.6
080 _a(075.3.053.7)
100 1 _aZębala, Agnieszka.
245 1 0 _aMatura companion :
_bjęzyk angielski : egzamin pisemny struktury leksykalno-gramatyczne /
_cAgnieszka Zębala ; konsultacja Bożena Sendor-Lis.
246 1 8 _aJęzyk angielski :
_bmatura companion : egzamin pisemny struktury leksykalno-gramatyczne.
260 _aKraków :
_bWydawnictwo Egis ;
_a[Berkshire] :
_bExpress Publishing,
_c2004.
300 _a175 s. ;
_c28 cm.
490 1 _aNowa Matura.
650 4 _aJęzyk angielski
_xszkoły ponadgimnazjalne.
650 4 _aMatura (2005- )
655 4 _aPodręczniki dla szkół ponadgimnazjalnych
700 1 _aSendor-Lis, Bożena.
_eRed.
830 0 _aNowa Matura - Egis.
856 _uhttp://koha.tu.koszalin.pl/cgi-bin/koha/opac-detail.pl?biblionumber=48727
942 _2UKD
_cKS
999 _c48727
_d48727